00230nam a2200085Ia 4500001000800000005001700008008004100025245005700066260002100123125035220251031150854.0251031s9999 xx 000 0 und d 0cKAHRAMAN TAZEOĞLUaC-5 KAYIP YÜZYILIN PRENSESİ bDESTEK YAYINLARI